Hry na víkend. 5. /

Hlavní autor: Kořínková, Milena, 1948-
Korporativní autor: Pionýr (spolek). Česká rada
Jazyk: Čeština
Vydáno: Brno : Mravenec, 2001
Vydání: 1. vyd.
Edice: Hrníček her
Témata:
Fyzický popis: 40 s. : il. ; 21 cm
Knihy
Uloženo v:
LEADER 01124nam a2200337 a 4500
001 000577384
003 CZ BrMZK
005 20120326130300.0
008 011107s2001 xr e f cze d
015 |a cnb001035128 
020 |a 80-86560-01-5 
035 |a (OCoLC)50340682 
040 |a BOA001  |b cze 
072 7 |a 796  |x Sport. Hry. Tělesná cvičení  |2 Konspekt  |9 20 
080 |a 796.1  |2 MRF 
080 |a (035)  |2 MRF 
100 1 |a Kořínková, Milena,  |d 1948-  |7 ola2003204976  |4 aut 
245 1 0 |a Hry na víkend.  |n 5. /  |c Milena Kořínková 
250 |a 1. vyd. 
260 |a Brno :  |b Mravenec,  |c 2001 
300 |a 40 s. :  |b il. ;  |c 21 cm 
490 1 |a Hrníček her ;  |v 38 
500 |a Vydavatel: Česká rada Pionýra Praha 
521 |a Učební pomůcka pro volný čas 
650 0 7 |a hry v přírodě  |7 ph120866  |2 czenas 
655 7 |a příručky  |7 fd133209  |2 czenas 
710 2 |a Pionýr (spolek).  |b Česká rada  |7 kn20010711356 
830 0 |a Hrníček her  |0 s 
910 |a BOA001  |b X-1023.809,5 
990 |a BK 
996 7 |b 2610148370  |c X-1023.809,5  |l MZK  |r Sklad / do 24 hodin  |n 22  |p p.v.  |w 000577384  |u 000010  |a 1  |e BOA001  |j MZK50  |s A